| 000 | 00941nam a2200229Ia 4500 | ||
|---|---|---|---|
| 003 | GCL | ||
| 008 | 140319s9999 xx 000 0 ara d | ||
| 020 | _a2395064977 | ||
| 040 |
_aGCL / _cGCL |
||
| 082 | 0 | 4 |
_a621.3819598 _bأ ت |
| 100 | 1 | _aفاروق محمد العامرى | |
| 245 | 1 | 0 |
_aتصميم برامج ماسح الفيروسات= ANTIVIRUS PROGRAMS DESIGN / _cفاروق محمد العامرى |
| 700 | 1 | _aاحمد امين الششتاوى | |
| 260 |
_aالقاهرة : _bمعهد ناصر للدراسات الالكترونية ، _c1996 |
||
| 300 |
_a331 ص: _bايض ؛ _c24 سم |
||
| 490 |
_aمجموعة سيل _v0 |
||
| 650 | 0 | 4 | _aالحاسبات الالكترونية |
| 650 | 0 | 4 | _aالحاسبات الالكترونية - برامج |
| 650 | 0 | 4 | _aالحاسبات الالكترونية - فيروسات |
| 650 | 0 | 4 | _aالحاسبات الالكترونية - ادارة البرامج |
| 942 |
_2ddc _cBK |
||
| 999 |
_c43452 _d43452 |
||